Hindūstān Amīr K̲h̲usrau kī naẓar men̲. (Record no. 80647)
[ view plain ]
| 000 -LEADER | |
|---|---|
| fixed length control field | 00733cam a22002531 4500 |
| 001 - CONTROL NUMBER | |
| control field | sa 68005313 |
| 003 - CONTROL NUMBER IDENTIFIER | |
| control field | DLC |
| 005 - DATE AND TIME OF LATEST TRANSACTION | |
| control field | 20260227112507.0 |
| 008 - FIXED-LENGTH DATA ELEMENTS--GENERAL INFORMATION | |
| fixed length control field | 080423s1966 xx 000 0 urdr |
| 010 ## - LIBRARY OF CONGRESS CONTROL NUMBER | |
| LC control number | sa 68005313 |
| 020 ## - INTERNATIONAL STANDARD BOOK NUMBER | |
| Terms of availability | Rs 2.75 |
| 040 ## - CATALOGING SOURCE | |
| Original cataloging agency | DLC |
| Transcribing agency | DLC |
| Modifying agency | DLC |
| 043 ## - GEOGRAPHIC AREA CODE | |
| Geographic area code | a-ii--- |
| 050 00 - LIBRARY OF CONGRESS CALL NUMBER | |
| Classification number | PK6451.A59 |
| Item number | H5 1966 |
| 100 1# - MAIN ENTRY--PERSONAL NAME | |
| Personal name | Amīr Khusraw Dihlavī, |
| Dates associated with a name | approximately 1253-1325. |
| 245 10 - TITLE STATEMENT | |
| Title | Hindūstān Amīr K̲h̲usrau kī naẓar men̲. |
| 260 ## - PUBLICATION, DISTRIBUTION, ETC. | |
| Place of publication, distribution, etc. | n.p. |
| Date of publication, distribution, etc. | 1966. |
| 300 ## - PHYSICAL DESCRIPTION | |
| Extent | 6, 2, 126 p. |
| Dimensions | 25 cm. |
| 500 ## - GENERAL NOTE | |
| General note | Cover title. |
| 500 ## - GENERAL NOTE | |
| General note | Persian and Urdu. |
| 650 #0 - SUBJECT ADDED ENTRY--TOPICAL TERM | |
| Topical term or geographic name entry element | Poetry of places |
| Geographic subdivision | India. |
| 651 #0 - SUBJECT ADDED ENTRY--GEOGRAPHIC NAME | |
| Geographic name | India |
| General subdivision | Description and travel |
| Form subdivision | Poetry. |
| 700 1# - ADDED ENTRY--PERSONAL NAME | |
| Personal name | ʻAbdurraḥmān, Ṣabāḥuddīn, |
| Relator term | ed. |
No items available.